000 00689cam a22002413a 4500
001 20698
003 PGUSA
005 20140828083436.0
008 070227s2007||||xxu|||||s|||||000 | eng d
040 _aPGUSA
_beng
042 _adc
050 4 _aPZ
100 1 _aBassett, Sara Ware,
_d1872-1968
245 1 4 _aThe Story of Glass
_h[electronic resource] /
_cSara Ware Bassett
260 _bProject Gutenberg,
_c2007
506 _aPublic domain in the USA.
516 _aElectronic text
653 _aGlass manufacture -- Juvenile literature
700 1 _aGray, Charles Paxson
830 0 _aProject Gutenberg
_v20698
856 4 0 _uhttp://www.gutenberg.org/ebooks/20698
942 _cEB
999 _c249953
_d249953